Visualizzazione normale
Vista MARC
- Leonetti, Andrea,
di Personal Name
Records bibliografici associati: 1
001 - CONTROL NUMBER
- control field: 51701
003 - CONTROL NUMBER IDENTIFIER
- control field: IT-RoINE
005 - DATE AND TIME OF LATEST TRANSACTION
- control field: 20180717063708.0
008 - FIXED-LENGTH DATA ELEMENTS
- fixed length control field: 180717|| aca||aabn | a|a d
040 ## - CATALOGING SOURCE
- Original cataloging agency: IT-RoINE
- Transcribing agency: IT-RoINE
100 ## - HEADING--PERSONAL NAME
- Personal name: Leonetti, Andrea,
- Dates associated with a name: 1838-1887
670 ## - SOURCE DATA FOUND
- Source citation: Work cat.: (IT-RoINE)0: Leonetti, Andrea, 1838-1887, Papa Alessandro VI : , 1880.